[Event "Nezhmetdinov Cup 2013"]
[Site "?"]
[Date "2013.06.06"]
[Round "7.21"]
[White "Faizrakhmanov, Ramil"]
[Black "Maletin, Pavel"]
[Result "0-1"]
[WhiteElo "2317"]
[BlackElo "2611"]
[PlyCount "164"]
[EventDate "2013.06.04"]

1. d4 Nf6 2. c4 g6 3. Nf3 Bg7 4. g3 c5 5. d5 d6 6. Nc3 O-O 7. Bg2 e6 8. O-O
exd5 9. cxd5 Re8 10. Bf4 a6 11. a4 Nh5 12. Bg5 Qc7 13. Qc1 Nd7 14. g4 Nhf6 15.
h3 Ne4 16. Nxe4 Rxe4 17. Qc2 Rb4 18. Ra2 Nf6 19. Bd2 a5 20. Bxb4 axb4 21. Nd2
h5 22. g5 Nh7 23. f4 b5 24. Rfa1 c4 25. Kh1 Qb8 26. axb5 Rxa2 27. Rxa2 b3 28.
Nxb3 cxb3 29. Qxb3 Nf8 30. e4 Qb6 31. Qc4 Bd7 32. Ra6 Qf2 33. b6 Qxb2 34. b7
Qb1+ 35. Kh2 Qxb7 36. Rxd6 Qb2 37. e5 Bxe5 38. Rxd7 Nxd7 39. fxe5 Qxe5+ 40. Kh1
Qxg5 41. Qc8+ Nf8 42. d6 Qd2 43. Qc6 Kg7 44. Bd5 h4 45. Bg2 Ne6 46. d7 Nf4 47.
Qe4 Nh5 48. Qd5 Qc1+ 49. Kh2 Qc7+ 50. Kg1 Qd8 51. Qd4+ Kg8 52. Bc6 Ng7 53. Kh1
Ne6 54. Qe5 Kh7 55. Kg2 Ng7 56. Kh2 Ne6 57. Kg2 Qe7 58. Kh1 Qa3 59. Qxe6 fxe6
60. d8=Q Qc1+ 61. Kh2 Qxc6 62. Qxh4+ Kg8 63. Qe7 Qc2+ 64. Kg3 Qd3+ 65. Kg4 Qf5+
66. Kg3 e5 67. Qe8+ Kg7 68. Qe7+ Kh6 69. Qe8 Qf6 70. Qb8 Kh5 71. Qb7 Qf4+ 72.
Kg2 e4 73. Qh7+ Qh6 74. Qb7 Qg5+ 75. Kf2 Qf5+ 76. Ke3 Qxh3+ 77. Kd4 Qf3 78.
Qh7+ Kg5 79. Ke5 e3 80. Qe7+ Kg4 81. Qb4+ Kh3 82. Qe1 Qg3+ 0-1

[Event "Nezhmetdinov Cup 2013"]
[Site "?"]
[Date "2013.06.06"]
[Round "7.23"]
[White "Kozionov, Kirill"]
[Black "Smirnov, Alexey"]
[Result "1-0"]
[WhiteElo "2272"]
[BlackElo "2413"]
[PlyCount "115"]
[EventDate "2013.06.04"]

1. e4 c5 2. Nf3 d6 3. d4 cxd4 4. Nxd4 Nf6 5. Nc3 a6 6. Be3 e5 7. Nf3 Qc7 8. a4
Be7 9. Be2 O-O 10. O-O Nbd7 11. Nd2 Nc5 12. a5 Be6 13. Bf3 Rac8 14. Ra3 h6 15.
Re1 Qc6 16. b4 Ncd7 17. Ndb1 Rfd8 18. Re2 Bc4 19. Rd2 b5 20. axb6 Nxb6 21. Ra5
Qb7 22. Na3 Be6 23. Qa1 Nc4 24. Nxc4 Bxc4 25. Ra4 Rc7 26. Rd1 Rdc8 27. Rb1 Bf8
28. Ra5 Qc6 29. h3 Rb8 30. Bd2 Rcb7 31. Qa4 Qc8 32. Nd1 d5 33. exd5 e4 34. Bg4
Nxg4 35. hxg4 Bb5 36. Qa2 Qxg4 37. c4 Bd7 38. Ne3 Qh4 39. c5 Bb5 40. d6 Rd7 41.
Qd5 Rbd8 42. Nf5 Qg4 43. Ra3 Bd3 44. Re1 Kh7 45. Bc3 h5 46. Ra2 g6 47. Ne3 Qh4
48. Qd4 f6 49. Qxf6 Qxf6 50. Bxf6 Rb8 51. Bc3 Bg7 52. Bxg7 Kxg7 53. Nd5 Rb5 54.
Ra5 Rb8 55. Rc1 Kf7 56. Nb6 Rdd8 57. d7 Ke7 58. c6 1-0

[Event "Nezhmetdinov Cup 2013"]
[Site "?"]
[Date "2013.06.06"]
[Round "7.24"]
[White "Lugovskoy, Maxim"]
[Black "Ospennikov, Dmitry"]
[Result "1/2-1/2"]
[WhiteElo "2396"]
[BlackElo "2232"]
[PlyCount "120"]
[EventDate "2013.06.04"]

1. d4 Nf6 2. c4 e6 3. Nf3 b6 4. g3 Bb7 5. Bg2 Be7 6. Nc3 Ne4 7. Qc2 Nxc3 8.
Qxc3 O-O 9. O-O Be4 10. Bh3 Bf6 11. Qe3 Bb7 12. Qd3 c5 13. Bg2 d5 14. cxd5 exd5
15. b3 Re8 16. Be3 Nd7 17. Rac1 Rc8 18. Bh3 Be7 19. Bg5 Bxg5 20. Nxg5 g6 21.
Nf3 Rc7 22. Bg2 Qe7 23. e3 Rec8 24. dxc5 bxc5 25. Rfd1 Nf6 26. Qb5 Ne4 27. Nd2
Ng5 28. h4 Ne6 29. Qe2 f5 30. Nf3 Qf6 31. Ng5 Rd8 32. Nxe6 Qxe6 33. Qb2 a5 34.
Rd2 Kf7 35. Rcd1 Rdd7 36. Qc3 Qb6 37. h5 gxh5 38. Bh3 Kg6 39. e4 fxe4 40. Bxd7
Rxd7 41. Rc2 Rc7 42. Qe5 Rf7 43. Rxd5 Bxd5 44. Qxd5 Qb4 45. Qxc5 Qxc5 46. Rxc5
a4 47. bxa4 Rd7 48. Rc4 Kf5 49. Rc5+ Kg4 50. Kg2 h4 51. gxh4 Rd4 52. a5 Ra4 53.
Rc2 h5 54. a6 Kxh4 55. Re2 Kg5 56. Kg3 Rxa6 57. Rxe4 Rxa2 58. Re5+ Kg6 59. f3
Ra3 60. Re8 Kf5 1/2-1/2

[Event "Nezhmetdinov Cup 2013"]
[Site "?"]
[Date "2013.06.06"]
[Round "7.25"]
[White "Ponfilenok, Vladimir"]
[Black "Sarana, Alexey"]
[Result "1-0"]
[WhiteElo "2395"]
[BlackElo "2209"]
[PlyCount "99"]
[EventDate "2013.06.04"]

1. d4 Nf6 2. Nf3 e6 3. g3 b5 4. Bg2 Bb7 5. O-O c5 6. c3 Be7 7. Bg5 cxd4 8. Nxd4
Bxg2 9. Kxg2 Qb6 10. Qd3 a6 11. Nd2 Nc6 12. e4 O-O 13. Rad1 h6 14. Nxc6 dxc6
15. Bxf6 Bxf6 16. Nf3 b4 17. e5 Be7 18. c4 Qa5 19. Qe2 Bd8 20. b3 Qc5 21. Qe4
Bc7 22. Rd7 Bb6 23. Rd2 a5 24. Rd6 Rfc8 25. Ne1 Ba7 26. Nd3 Qb6 27. Nb2 Bb8 28.
Na4 Qb7 29. Rd3 Ra7 30. Rfd1 Qe7 31. Nb6 Rf8 32. Nd7 Rc8 33. Nxb8 Rxb8 34. Qxc6
a4 35. h4 Ra5 36. Rd7 Qe8 37. Qc7 Raa8 38. Re7 Qc8 39. Rxf7 Qxc7 40. Rxc7 axb3
41. axb3 Ra3 42. Rdd7 Rxb3 43. Rxg7+ Kh8 44. Rh7+ Kg8 45. Rxh6 Rb1 46. Rxe6 b3
47. Rg6+ Kh8 48. Rh6+ Kg8 49. Rhh7 b2 50. Rcg7+ 1-0

[Event "Nezhmetdinov Cup 2013"]
[Site "?"]
[Date "2013.06.06"]
[Round "7.26"]
[White "Arslanov, Shamil"]
[Black "Vasiljev, Vasily"]
[Result "1-0"]
[WhiteElo "2391"]
[BlackElo "2202"]
[PlyCount "97"]
[EventDate "2013.06.04"]

1. e4 e5 2. Nf3 Nf6 3. Nxe5 d6 4. Nf3 Nxe4 5. Nc3 Nxc3 6. dxc3 Be7 7. Be3 O-O
8. Qd2 Nd7 9. O-O-O Ne5 10. Kb1 Bg4 11. Be2 Qc8 12. h3 Nxf3 13. gxf3 Bh5 14.
Rdg1 Qf5 15. Bg5 Bf6 16. Rg3 Rfe8 17. Rhg1 Bg6 18. f4 Bxg5 19. Rxg5 Rxe2 20.
Qxe2 Qxf4 21. b3 h5 22. Qc4 Qxc4 23. bxc4 Re8 24. f4 Kf8 25. f5 Bh7 26. Rxh5
Kg8 27. Rhg5 Kf8 28. Rh5 Kg8 29. Rg4 f6 30. Rgh4 g5 31. fxg6 Re1+ 32. Kb2 Bxg6
33. Rh8+ Kf7 34. Rc8 Re7 35. Rhh8 Bf5 36. Rcf8+ Kg6 37. Rhg8+ Rg7 38. Rxg7+
Kxg7 39. Rb8 Be4 40. Re8 f5 41. Re7+ Kf6 42. Rxc7 Kg5 43. Kc1 Kh4 44. Rh7+ Kg3
45. Kd2 f4 46. Rf7 f3 47. Ke3 Bc6 48. Rf4 Kxh3 49. Rxf3+ 1-0

[Event "Nezhmetdinov Cup 2013"]
[Site "?"]
[Date "2013.06.06"]
[Round "7.27"]
[White "Ovod, Evgenija"]
[Black "Chumachenko, Alexander"]
[Result "1-0"]
[WhiteElo "2387"]
[BlackElo "2119"]
[PlyCount "71"]
[EventDate "2013.06.04"]

1. d4 e6 2. c4 d5 3. Nc3 Nf6 4. Bg5 c6 5. e3 Nbd7 6. cxd5 exd5 7. Bd3 Be7 8.
Qc2 Nh5 9. Bxe7 Qxe7 10. O-O-O Nb6 11. Kb1 Be6 12. f4 g6 13. Nf3 O-O-O 14. f5
gxf5 15. Bxf5 Ng7 16. Bd3 Kb8 17. Rhe1 Rc8 18. Qf2 Nf5 19. e4 dxe4 20. Nxe4 Qb4
21. Nc5 Na4 22. Qc2 Nxc5 23. dxc5 Ng7 24. Re4 Qa5 25. Ra4 Qc7 26. Qc3 Nf5 27.
Qa3 b5 28. cxb6 Qe7 29. Rb4 Rhd8 30. bxa7+ Ka8 31. Rc1 Rxd3 32. Rb8+ Rxb8 33.
axb8=Q+ Kxb8 34. Qxd3 Nd6 35. Nd4 Qg5 36. Nxe6 1-0

[Event "Nezhmetdinov Cup 2013"]
[Site "?"]
[Date "2013.06.06"]
[Round "7.29"]
[White "Beinenson, Katsiaryna"]
[Black "Makhmutov, Rail"]
[Result "1/2-1/2"]
[WhiteElo "1970"]
[BlackElo "2360"]
[PlyCount "131"]
[EventDate "2013.06.04"]

1. d4 Nf6 2. Nf3 g6 3. Bf4 Bg7 4. Nbd2 O-O 5. e3 d6 6. h3 Nbd7 7. Be2 Re8 8.
Bh2 b6 9. c3 Bb7 10. a4 a6 11. Nc4 Ne4 12. O-O e6 13. Nfd2 Ng5 14. Nf3 h6 15.
Nxg5 hxg5 16. Bf3 Bxf3 17. Qxf3 f5 18. g4 Nf6 19. gxf5 exf5 20. Qg2 Nh7 21. Kh1
Qe7 22. Nd2 Bh6 23. Rae1 Qf7 24. f4 gxf4 25. Bxf4 Bg7 26. e4 fxe4 27. Bh6 Qd7
28. Bxg7 Kxg7 29. Nxe4 d5 30. Ng3 Rxe1 31. Rxe1 Rf8 32. Kh2 c6 33. Rf1 Rxf1 34.
Qxf1 a5 35. Qf4 Qe7 36. Kg2 Ng5 37. h4 Ne4 38. Nxe4 dxe4 39. Kf2 Qe6 40. Ke3
Qh3+ 41. Kxe4 Qg2+ 42. Kd3 c5 43. Qe5+ Kh7 44. dxc5 bxc5 45. Qxc5 Qxb2 46. Qxa5
Qb1+ 47. Kd4 Qg1+ 48. Kc4 Qg4+ 49. Kb5 Qxh4 50. Qc7+ Kh6 51. a5 Qf2 52. c4 Qb2+
53. Ka6 Kh5 54. c5 g5 55. c6 g4 56. Qh7+ Kg5 57. Qd3 Qc1 58. Kb7 Qb2+ 59. Kc8
Kf4 60. c7 g3 61. Qd6+ Kf3 62. Qf8+ Ke2 63. Kd8 Qd4+ 64. Ke8 Qa4+ 65. Ke7 Qb4+
66. Ke8 1/2-1/2

[Event "Nezhmetdinov Cup 2013"]
[Site "?"]
[Date "2013.06.06"]
[Round "7.30"]
[White "Zakhartsov, Vladimir"]
[Black "Ivanov, Vladislav"]
[Result "1-0"]
[WhiteElo "2335"]
[BlackElo "2002"]
[PlyCount "59"]
[EventDate "2013.06.04"]

1. d4 Nc6 2. d5 Ne5 3. e4 e6 4. f4 Ng6 5. dxe6 dxe6 6. Qxd8+ Kxd8 7. Nc3 Bc5 8.
Nf3 Bd7 9. Bd3 Nf6 10. Rf1 Ke7 11. f5 Nf8 12. Bf4 Ne8 13. O-O-O f6 14. e5 exf5
15. Nd5+ Kd8 16. exf6 gxf6 17. Bxf5 Bxf5 18. Nxc7+ Bd7 19. Nxa8 Ne6 20. Bg3 Kc8
21. c3 Bc6 22. Rfe1 N8g7 23. b4 Bf8 24. Bh4 Be7 25. Nd4 Nxd4 26. Rxe7 Ndf5 27.
Rc7+ Kb8 28. Bxf6 Bxg2 29. Bxg7 Re8 30. Rcd7 1-0

[Event "Nezhmetdinov Cup 2013"]
[Site "?"]
[Date "2013.06.06"]
[Round "7.31"]
[White "Ayupov, Damir"]
[Black "Khusnutdinova, Alsu"]
[Result "1/2-1/2"]
[WhiteElo "2334"]
[BlackElo "2001"]
[PlyCount "58"]
[EventDate "2013.06.04"]

1. e4 e5 2. Nf3 Nc6 3. Bb5 a6 4. Ba4 Nf6 5. O-O Be7 6. d3 b5 7. Bb3 d6 8. a3
O-O 9. Nc3 Bg4 10. Be3 Nd4 11. Bxd4 exd4 12. Nd5 c5 13. h3 Be6 14. Nf4 d5 15.
exd5 Bxd5 16. Nxd5 Nxd5 17. Re1 Nf4 18. Ne5 Bd6 19. Qf3 Bxe5 20. Rxe5 Qf6 21.
Rae1 Rac8 22. Qe4 g6 23. Ba2 Rfd8 24. Qf3 c4 25. R1e4 Nh5 26. Qe2 Nf4 27. Qf3
Nh5 28. Qe2 Nf4 29. Qf3 Nh5 1/2-1/2

[Event "Nezhmetdinov Cup 2013"]
[Site "?"]
[Date "2013.06.06"]
[Round "7.32"]
[White "Makarenko, Alexandra"]
[Black "Chistiakova, Tamara"]
[Result "1-0"]
[WhiteElo "2124"]
[BlackElo "2314"]
[PlyCount "141"]
[EventDate "2013.06.04"]

1. e4 c5 2. Nf3 Nc6 3. d4 cxd4 4. Nxd4 Nf6 5. Nc3 d6 6. Bg5 Bd7 7. Qd2 h6 8.
Bxf6 gxf6 9. Nf5 Qa5 10. Bd3 Rc8 11. O-O h5 12. Rae1 Ne5 13. Kh1 e6 14. Ne3 Be7
15. h3 b5 16. f4 Nxd3 17. Qxd3 b4 18. Ne2 Bb5 19. Qd2 Qb6 20. f5 Rg8 21. Rf4
Qc5 22. Rh4 Rg5 23. Nd4 Kd7 24. Nf3 Rh8 25. a3 bxa3 26. b4 Qc7 27. c4 Bc6 28.
Ra1 Rgg8 29. Rxa3 Ra8 30. Nd4 e5 31. Nxc6 Qxc6 32. b5 Qc5 33. Rd3 a5 34. Kh2 a4
35. Rd5 Qa7 36. c5 a3 37. b6 Qb8 38. Qa2 Ke8 39. Nc4 dxc5 40. Rd3 Kf8 41. Rxa3
Kg7 42. Rg3+ Kf8 43. Qe2 Ke8 44. Rxh5 Rf8 45. Qb2 Qb7 46. Rd3 Rg8 47. Rh4 Qc6
48. Ra3 Rb8 49. Ra7 Kf8 50. Qb3 Qe8 51. Rh7 Rg7 52. Rh8+ Rg8 53. Rh7 Rg7 54.
Rxg7 Kxg7 55. Qg3+ Kf8 56. Qh4 Kg7 57. Qg4+ Kf8 58. Qh5 Kg7 59. Ne3 Rd8 60.
Qg4+ Kf8 61. Qh4 Kg8 62. b7 c4 63. Nd5 Rb8 64. Ra8 Rxa8 65. Nxe7+ Kg7 66.
bxa8=Q Qxa8 67. Qg4+ Kh7 68. Nd5 Qc6 69. Qg8+ Kh6 70. Qh8+ Kg5 71. Qg7+ 1-0

[Event "Nezhmetdinov Cup 2013"]
[Site "?"]
[Date "2013.06.06"]
[Round "7.33"]
[White "Mischuk, Dmitry"]
[Black "Kaliadzich, Maryia"]
[Result "1-0"]
[WhiteElo "2312"]
[BlackElo "1982"]
[PlyCount "119"]
[EventDate "2013.06.04"]

1. d4 d5 2. c4 e6 3. Nf3 c6 4. Nc3 Nf6 5. Bg5 dxc4 6. e4 b5 7. e5 h6 8. Bh4 g5
9. Nxg5 hxg5 10. Bxg5 Nbd7 11. g3 Qb6 12. exf6 c5 13. d5 Bb7 14. Bg2 O-O-O 15.
O-O b4 16. Rb1 Qa6 17. dxe6 Bxg2 18. e7 Bxf1 19. Qd5 Bh6 20. Bxh6 Bd3 21.
exd8=Q+ Rxd8 22. Ne4 Bxb1 23. Nd6+ Kc7 24. Bf4 Kb6 25. Nxf7 Re8 26. Qxd7 Re1+
27. Kg2 Be4+ 28. f3 Qb7 29. Qd8+ Ka6 30. Qd6+ Kb5 31. Qd2 Bxf3+ 32. Kf2 Qxf7
33. Qxe1 Bc6 34. Qe7 Qh5 35. Ke1 Qxh2 36. Qe2 Qxe2+ 37. Kxe2 Be8 38. Ke3 Kc6
39. Ke4 b3 40. axb3 cxb3 41. Kf5 Bf7 42. g4 a5 43. g5 a4 44. g6 Bxg6+ 45. Kxg6
a3 46. Be5 a2 47. f7 a1=Q 48. f8=Q Qg1+ 49. Kf6 Qf1+ 50. Ke7 Qh3 51. Qa8+ Kb5
52. Qb7+ Kc4 53. Qe4+ Kb5 54. Bf6 Qh5 55. Kd6 Qh2+ 56. Kd7 Qd2+ 57. Kc7 Qa5+
58. Kc8 Qa2 59. Kb8 Ka5 60. Kb7 1-0

[Event "Nezhmetdinov Cup 2013"]
[Site "?"]
[Date "2013.06.06"]
[Round "7.35"]
[White "Matsenko, Andrei"]
[Black "Dordzhieva, Dinara"]
[Result "1-0"]
[WhiteElo "2212"]
[BlackElo "2079"]
[PlyCount "83"]
[EventDate "2013.06.07"]

1. d4 Nf6 2. c4 c5 3. e3 g6 4. Nc3 Bg7 5. Nf3 O-O 6. Be2 cxd4 7. Nxd4 Nc6 8.
Nb3 a5 9. a3 d6 10. O-O a4 11. Nd4 Bd7 12. Ndb5 Na5 13. Nxa4 Be6 14. b3 d5 15.
c5 d4 16. Nxd4 Nxb3 17. Nxe6 Qxd1 18. Bxd1 Nxa1 19. Nxf8 Kxf8 20. Nb6 Ra5 21.
Bb2 Ne4 22. Bxg7+ Kxg7 23. Bf3 Nb3 24. Bxe4 Nd2 25. Bxb7 Rxc5 26. a4 Nxf1 27.
Kxf1 f5 28. f4 e5 29. fxe5 Rxe5 30. Ke2 Re7 31. Bd5 Kf6 32. a5 Ra7 33. Nc4 g5
34. Kd3 Ke7 35. Kd4 Kd8 36. Ke5 f4 37. exf4 Re7+ 38. Kf5 gxf4 39. a6 Kc8 40.
Nd6+ Kd8 41. Nb5 Ke8 42. a7 1-0

[Event "Nezhmetdinov Cup 2013"]
[Site "?"]
[Date "2013.06.06"]
[Round "7.36"]
[White "Esipenko, Andrey"]
[Black "Ovchinnikov, Vsevolod"]
[Result "1-0"]
[WhiteElo "2191"]
[BlackElo "2006"]
[PlyCount "89"]
[EventDate "2013.06.07"]

1. e4 e6 2. d4 d5 3. Nd2 Nf6 4. e5 Nfd7 5. Bd3 c5 6. c3 Nc6 7. Ne2 cxd4 8. cxd4
f6 9. exf6 Qxf6 10. Nf3 h6 11. O-O Bd6 12. Ng3 O-O 13. Bc2 Rf7 14. Re1 Nf8 15.
Nh5 Qd8 16. Ne5 Nxe5 17. dxe5 Bc5 18. Be3 d4 19. Bf4 g5 20. Bg3 Bd7 21. Nf6+
Kg7 22. h4 d3 23. Bxd3 Bc6 24. hxg5 hxg5 25. Qd2 Kh6 26. Qe2 Rxf6 27. exf6 Qxf6
28. Be5 Qf7 29. Rac1 Bb6 30. Bd6 Bd5 31. Bc4 Ng6 32. Bxd5 exd5 33. Rc3 Bd4 34.
Rf3 Qd7 35. Qe6 Qc6 36. Bf8+ Rxf8 37. Rxf8 Qxe6 38. Rxe6 Kg7 39. Rb8 g4 40.
Rxb7+ Kh6 41. Rd7 Bc5 42. Rxd5 Bf8 43. Rd8 Kg7 44. Rxg6+ Kxg6 45. Rxf8 1-0

[Event "Nezhmetdinov Cup 2013"]
[Site "?"]
[Date "2013.06.06"]
[Round "7.37"]
[White "Rivonenko, Vladislav"]
[Black "Drachev, Oleg"]
[Result "0-1"]
[WhiteElo "2026"]
[BlackElo "2187"]
[PlyCount "52"]
[EventDate "2013.06.07"]

1. e4 d6 2. d4 Nf6 3. Nc3 g6 4. Nf3 Bg7 5. Be2 O-O 6. O-O Bg4 7. Be3 Nc6 8. h3
Bxf3 9. Bxf3 e5 10. dxe5 Nxe5 11. Be2 Re8 12. f4 Ned7 13. Bf3 Nb6 14. Qd3 c6
15. Rad1 Qc7 16. Kh1 Rad8 17. g4 d5 18. Bxb6 axb6 19. exd5 Qxf4 20. Be4 Qh6 21.
Qf3 cxd5 22. Bxd5 Re3 23. Qg2 Rxh3+ 24. Kg1 Qe3+ 25. Qf2 Rg3+ 26. Kh1 Qh6+ 0-1

[Event "Nezhmetdinov Cup 2013"]
[Site "?"]
[Date "2013.06.06"]
[Round "7.39"]
[White "Tukaeva, Adelya"]
[Black "Shaydullina, Sandugach"]
[Result "0-1"]
[WhiteElo "1655"]
[BlackElo "2160"]
[PlyCount "76"]
[EventDate "2013.06.07"]

1. c4 c5 2. g3 Nc6 3. Bg2 g6 4. Nc3 Bg7 5. d3 e6 6. e4 Nd4 7. Nge2 h5 8. h3 d6
9. Rb1 a5 10. Be3 Bd7 11. Bxd4 cxd4 12. Nb5 Bxb5 13. cxb5 a4 14. O-O Qb6 15. b3
a3 16. Rc1 Qxb5 17. Rc7 Ne7 18. e5 d5 19. f4 Nc6 20. Qa1 Qb6 21. Rxc6 bxc6 22.
Qxd4 Qxd4+ 23. Nxd4 Kd7 24. Rc1 Rhc8 25. Ne2 c5 26. Nc3 Kc6 27. d4 Bf8 28. Na4
Kb5 29. Bf1+ c4 30. Kf2 Ka5 31. Nc5 Bxc5 32. dxc5 cxb3 33. axb3 Kb4 34. c6 a2
35. Ra1 Rxc6 36. Ke1 Kxb3 37. Bb5 Rc2 38. Kd1 Rh2 0-1

[Event "Nezhmetdinov Cup 2013"]
[Site "?"]
[Date "2013.06.06"]
[Round "7.40"]
[White "Nevioselaya, Maria"]
[Black "Zlachevskiy, Leonid"]
[Result "0-1"]
[WhiteElo "2088"]
[BlackElo "2125"]
[PlyCount "92"]
[EventDate "2013.06.07"]

1. e4 e5 2. Nf3 d6 3. d4 Nf6 4. Nc3 Nbd7 5. Bc4 Be7 6. O-O O-O 7. a4 a5 8. Re1
c6 9. b3 Ne8 10. Bb2 Nc7 11. Bd3 Re8 12. Qd2 Ne6 13. Ne2 Ng5 14. Qe3 Nxf3+ 15.
Qxf3 Bf8 16. Rad1 Qe7 17. Ng3 g6 18. c4 Bg7 19. Bc2 Rb8 20. Qd3 h5 21. d5 Nc5
22. Qd2 cxd5 23. Qxd5 Bf8 24. Qd2 b6 25. Qc3 Bb7 26. f4 Qh4 27. f5 Rbc8 28. Qf3
Qf4 29. Qe2 Qh4 30. Bc1 Be7 31. Rf1 Rcd8 32. Qf3 Qf6 33. Bh6 h4 34. Ne2 g5 35.
Qh5 Bxe4 36. Nc3 Bc6 37. Nd5 Bxd5 38. Rxd5 Na6 39. Be4 Nb4 40. Rdd1 d5 41. Bxd5
Nxd5 42. Rxd5 Rxd5 43. cxd5 Rd8 44. Rc1 Rxd5 45. Qf3 Bc5+ 46. Kf1 e4 0-1

[Event "Nezhmetdinov Cup 2013"]
[Site "?"]
[Date "2013.06.06"]
[Round "7.41"]
[White "Sadykov, Ramil"]
[Black "Sadykov, Mars"]
[Result "1-0"]
[WhiteElo "2250"]
[BlackElo "2113"]
[PlyCount "51"]
[EventDate "2013.06.07"]

1. e4 e6 2. d4 d5 3. Nc3 dxe4 4. Nxe4 Bd7 5. Nf3 Bc6 6. Bd3 Nd7 7. c4 Bb4+ 8.
Nc3 Ngf6 9. O-O Bxf3 10. Qxf3 c6 11. a3 Be7 12. Bf4 O-O 13. Rad1 Qa5 14. Rfe1
Rfe8 15. h3 Nf8 16. Re5 Qd8 17. d5 cxd5 18. cxd5 exd5 19. Bb5 Ng6 20. Rexd5
Nxd5 21. Nxd5 Nxf4 22. Bxe8 Nxd5 23. Bxf7+ Kh8 24. Rxd5 Qf8 25. Qh5 Rd8 26.
Qxh7+ 1-0

[Event "Nezhmetdinov Cup 2013"]
[Site "?"]
[Date "2013.06.06"]
[Round "7.43"]
[White "Safiullin, Rafael"]
[Black "Matsenko, Elena"]
[Result "1-0"]
[WhiteElo "2149"]
[BlackElo "1966"]
[PlyCount "137"]
[EventDate "2013.06.07"]

1. e4 c5 2. Nf3 e6 3. d4 cxd4 4. Nxd4 a6 5. Bd3 Nc6 6. Nxc6 bxc6 7. O-O Ne7 8.
Kh1 d5 9. c4 g6 10. cxd5 cxd5 11. exd5 Nxd5 12. Be4 Bg7 13. Nc3 Bb7 14. Qb3 Bc6
15. Rd1 O-O 16. Nxd5 exd5 17. Bxd5 Bxd5 18. Rxd5 Qh4 19. Be3 Rab8 20. Qd3 Bxb2
21. Rd1 Qa4 22. g3 Bf6 23. Bc5 Rfd8 24. Qf3 Rxd5 25. Rxd5 Rb1+ 26. Kg2 Qc4 27.
Qd3 Qxd3 28. Rxd3 Rb5 29. Bd6 Ra5 30. Rb3 Bd4 31. a3 Kg7 32. Bb4 Rf5 33. f3 h5
34. Rd3 Bf6 35. h4 Rb5 36. Bc3 Bxc3 37. Rxc3 Rb2+ 38. Kh3 Rb5 39. g4 hxg4+ 40.
fxg4 a5 41. Kg2 a4 42. Rc4 Ra5 43. g5 Kf8 44. Kf2 Ke7 45. Ke2 Ke6 46. Kd3 Ke5
47. Kc3 f5 48. gxf6 Kxf6 49. Kb4 Ra8 50. Kb5 Rb8+ 51. Kxa4 Kg7 52. Ka5 Ra8+ 53.
Kb4 Rb8+ 54. Kc3 Kh6 55. a4 Kh5 56. a5 g5 57. hxg5 Kxg5 58. Rc6 Rb5 59. a6 Ra5
60. Kb4 Ra1 61. Rc5+ Kf6 62. Ra5 Rb1+ 63. Kc5 Rc1+ 64. Kd6 Rd1+ 65. Kc6 Rc1+
66. Rc5 Ra1 67. Kb6 Ke6 68. a7 Kd6 69. Ra5 1-0

[Event "Nezhmetdinov Cup 2013"]
[Site "?"]
[Date "2013.06.06"]
[Round "7.45"]
[White "Yeletsky, Ivan"]
[Black "Gubajdullin, Marsel"]
[Result "1-0"]
[WhiteElo "2144"]
[BlackElo "1936"]
[PlyCount "45"]
[EventDate "2013.06.07"]

1. c4 c5 2. g3 g6 3. Bg2 Bg7 4. Nc3 Nc6 5. Nf3 Nf6 6. d4 cxd4 7. Nxd4 O-O 8.
O-O a6 9. b3 Qa5 10. Bb2 Ng4 11. e3 Nf6 12. Rc1 Rb8 13. a3 Qc7 14. Qd2 b6 15.
Nd5 Qd6 16. Nxc6 Nxd5 17. Bxg7 Kxg7 18. Nxb8 Nf6 19. Qxd6 exd6 20. Rfd1 Ne8 21.
b4 Kf6 22. f4 Ke7 23. b5 1-0

[Event "Nezhmetdinov Cup 2013"]
[Site "?"]
[Date "2013.06.06"]
[Round "7.46"]
[White "Gromak, Ivan"]
[Black "Ioffe, Dmitry"]
[Result "0-1"]
[WhiteElo "1894"]
[BlackElo "2138"]
[PlyCount "62"]
[EventDate "2013.06.07"]

1. g3 g6 2. Bg2 Bg7 3. c4 Nf6 4. Nc3 O-O 5. e4 d6 6. Nge2 c5 7. d3 Nc6 8. O-O
Rb8 9. h3 a6 10. a4 Ne8 11. Be3 Nd4 12. f4 Nc7 13. Bxd4 cxd4 14. Nd5 Nxd5 15.
cxd5 Bd7 16. b4 Qb6 17. Qb3 e6 18. dxe6 Bxe6 19. Qb2 Rbc8 20. Kh2 Rc7 21. f5
Bd7 22. f6 Bh6 23. Qxd4 Qxd4 24. Nxd4 Rfc8 25. Ne2 Rc2 26. Nf4 Bxf4 27. gxf4
R8c3 28. Rfd1 Kf8 29. d4 Bxh3 30. Rg1 Be6 31. b5 Rh3# 0-1

[Event "Nezhmetdinov Cup 2013"]
[Site "?"]
[Date "2013.06.06"]
[Round "7.40"]
[White "Kurninov, Andrei"]
[Black "Askerov, Marat"]
[Result "0-1"]
[WhiteElo "1707"]
[BlackElo "1994"]
[PlyCount "54"]
[EventDate "2013.06.07"]

1. e4 e6 2. d4 d5 3. exd5 exd5 4. Bd3 c5 5. c3 cxd4 6. cxd4 Nc6 7. Ne2 Bd6 8.
Nbc3 Nf6 9. O-O O-O 10. Bf4 Be6 11. Qd2 Be7 12. f3 Ne8 13. g4 Nd6 14. b3 Rc8
15. Rad1 Re8 16. g5 Nf5 17. Kf2 Ncxd4 18. Nxd4 Nxd4 19. h4 Bb4 20. Rc1 Qa5 21.
Be5 Bxc3 22. Qf4 Nb5 23. Rxc3 Nxc3 24. h5 Qxa2+ 25. Kg3 Ne2+ 26. Bxe2 Qxe2 27.
Rh1 Rc2 0-1

[Event "Nezhmetdinov Cup 2013"]
[Site "?"]
[Date "2013.06.06"]
[Round "7.50"]
[White "Krotiuk, Daria"]
[Black "Lyutov, Timofey"]
[Result "0-1"]
[WhiteElo "1916"]
[BlackElo "1856"]
[PlyCount "136"]
[EventDate "2013.06.07"]

1. e4 c5 2. Nf3 d6 3. d4 cxd4 4. Qxd4 a6 5. c4 Nc6 6. Qd1 Nf6 7. Nc3 g6 8. Be2
Bg7 9. O-O O-O 10. h3 Be6 11. Be3 Nd7 12. Rc1 Nde5 13. Nxe5 dxe5 14. Qxd8 Raxd8
15. Rfd1 Nd4 16. Bd3 Bc8 17. b3 e6 18. Ne2 f5 19. exf5 gxf5 20. f3 e4 21. Nxd4
exd3 22. Rxd3 e5 23. Rcd1 exd4 24. Bxd4 Bxd4+ 25. Rxd4 Rxd4 26. Rxd4 Kf7 27.
Kf2 Ke6 28. Rh4 Rf7 29. Ke3 Ke5 30. f4+ Kd6 31. g4 b5 32. cxb5 axb5 33. Rh6+
Kc5 34. g5 Re7+ 35. Kd3 Bb7 36. h4 Be4+ 37. Kd2 Kb4 38. h5 Ra7 39. a4 bxa4 40.
bxa4 Kc4 41. a5 Kd4 42. a6 Bf3 43. g6 hxg6 44. hxg6 Bd5 45. Rh8 Rxa6 46. g7 Rg6
47. Rf8 Ke4 48. Re8+ Kxf4 49. Re7 Kg3 50. Re5 Be4 51. Re7 Kf3 52. Kc3 f4 53.
Kd4 Bb1 54. Rb7 Ba2 55. Ra7 Bg8 56. Ke5 Kg3 57. Ra1 Re6+ 58. Kf5 Re8 59. Rg1+
Kf2 60. Rc1 f3 61. Kg4 Re4+ 62. Kf5 Bh7+ 63. Kg5 Re8 64. Kh6 Bg8 65. Rc5 Kf1
66. Rf5 f2 67. Rf8 Re6+ 68. Kg5 Kg1 0-1

[Event "Nezhmetdinov Cup 2013"]
[Site "?"]
[Date "2013.06.06"]
[Round "7.51"]
[White "Padikov, Denis"]
[Black "Kozina, Anastasia"]
[Result "1-0"]
[WhiteElo "1820"]
[BlackElo "1733"]
[PlyCount "65"]
[EventDate "2013.06.07"]

1. Nf3 c5 2. g3 Nf6 3. Bg2 g6 4. O-O Bg7 5. c4 Nc6 6. Nc3 O-O 7. Rb1 e6 8. a3
a5 9. d4 cxd4 10. Nxd4 Nxd4 11. Qxd4 d5 12. Rd1 Bd7 13. Qd3 dxc4 14. Qxc4 Rc8
15. Qb3 Qc7 16. Qxb7 Qxb7 17. Bxb7 Rb8 18. Ba6 Rb6 19. Bc4 Rfb8 20. Bf4 R8b7
21. e4 Ng4 22. Rxd7 Rxd7 23. Na4 Rbd6 24. Bxd6 Rxd6 25. Be2 Ne5 26. b4 Rd2 27.
Kf1 Ra2 28. b5 Rxa3 29. Nc5 Bf8 30. Na6 Bb4 31. b6 Nf3 32. Bxf3 Rxf3 33. Nxb4
1-0

[Event "Nezhmetdinov Cup 2013"]
[Site "Kazan"]
[Date "2013.06.07"]
[Round "8.2"]
[White "Lintchevski, Daniil"]
[Black "Kovalenko, Igor"]
[Result "1/2-1/2"]
[WhiteElo "2526"]
[BlackElo "2596"]
[PlyCount "80"]
[EventDate "2013.??.??"]

1. d4 Nf6 2. c4 e6 3. Nf3 b6 4. g3 Ba6 5. b3 Bb4+ 6. Bd2 Bxd2+ 7. Qxd2 d5 8.
cxd5 Ne4 9. Qc2 exd5 10. Bg2 O-O 11. O-O Nd7 12. Re1 Ndf6 13. Nbd2 c5 14. dxc5
Nxc5 15. Qb2 Re8 16. Nd4 Qd7 17. Rad1 Bb7 18. Nf1 Qe7 19. Nf5 Qe5 20. Qxe5 Rxe5
21. Nd4 a5 22. Rc1 g6 23. Red1 Re7 24. Rc2 h5 25. Nd2 Rae8 26. Nb1 Rc8 27. Rdc1
Nfe4 28. Nc3 Rd8 29. a3 Nxc3 30. Rxc3 Ne6 31. e3 Nxd4 32. exd4 Rde8 33. Bf3
Re1+ 34. Kg2 Rxc1 35. Rxc1 Re7 36. h4 Kf8 37. Rc3 Ke8 38. Re3 Rxe3 39. fxe3 Ke7
40. Kf2 Kd6 1/2-1/2

[Event "Nezhmetdinov Cup 2013"]
[Site "Kazan"]
[Date "2013.06.07"]
[Round "8.3"]
[White "Shariyazdanov, Andrey"]
[Black "Kokarev, Dmitry"]
[Result "1/2-1/2"]
[WhiteElo "2579"]
[BlackElo "2639"]
[PlyCount "95"]
[EventDate "2013.??.??"]

1. d4 Nf6 2. c4 g6 3. Nc3 Bg7 4. e4 d6 5. Be2 O-O 6. Nf3 c5 7. O-O Re8 8. Re1
cxd4 9. Nxd4 Nbd7 10. Be3 b6 11. f3 Bb7 12. Qd2 a6 13. Rac1 Rc8 14. b4 Ne5 15.
Na4 Nfd7 16. Nb3 Qc7 17. f4 Nc6 18. Bf3 b5 19. cxb5 axb5 20. Nc3 Qb8 21. a3 Ba8
22. Qd3 e5 23. Qxb5 exf4 24. Qxb8 Ndxb8 25. Bd2 Nd4 26. Nxd4 Bxd4+ 27. Kf1 Nd7
28. Nb5 Be5 29. Rxc8 Rxc8 30. Rc1 Rxc1+ 31. Bxc1 Nb6 32. Nc7 Bb7 33. Ke2 Kf8
34. Kd3 Ke7 35. b5 Kd7 36. Nd5 Bxd5 37. exd5 f5 38. h3 Kc7 39. Kc2 g5 40. Kb3
h5 41. Bxh5 Nxd5 42. Kc4 Ne3+ 43. Bxe3 fxe3 44. Kd3 Kb6 45. a4 f4 46. Ke4 Bf6
47. Kd5 Bd8 48. Be2 1/2-1/2